|
|
|
|
| LEADER |
00000cam a2200000 i 4500 |
| 001 |
1/10057 |
| 008 |
000829s2000 gr | ||| |||| ||gre|| |
| 020 |
|
|
|a 9602864427
|
| 035 |
|
|
|l 10063293
|
| 040 |
|
|
|a GR-MyUA
|b gre
|e AACR2
|
| 041 |
1 |
|
|a gre
|h eng
|
| 082 |
0 |
|
|a 570.15195
|
| 100 |
1 |
|
|a Pagano, Marcello
|d 1945-
|
| 245 |
1 |
0 |
|a Αρχές βιοστατιστικής /
|c Marcello Pagano, Kimberlee Gauvreau ; μετάφραση-επιμέλεια Ουρανία Δαφνή.
|
| 260 |
|
|
|a Αθήνα :
|b Ελλήνων,
|c 2000.
|
| 300 |
|
|
|a 600 σ. :
|b σχ., πιν. ;
|e 1 fd.
|
| 500 |
|
|
|a Τίτλος πρωτοτύπου: Principles of biostatics.
|
| 504 |
|
|
|a Περιέχει βιβλιογραφία και ευρετήριο.
|
| 650 |
0 |
0 |
|a Biometry.
|
| 700 |
1 |
|
|a Gauvreau, Kimberlee
|d 1963-
|
| 700 |
1 |
|
|a Δαφνή, Ουρανία,
|e edtf
|e trlf
|
| 852 |
|
|
|a INST
|b LESVOS
|e 20000829
|h 570.15195 PAG
|p 005100025418
|q 005100025418
|t BK
|y 0
|
| 852 |
|
|
|a INST
|b LESVOS
|e 20000831
|h 570.15195 PAG
|p 005100025419
|q 005100025419
|t BK
|y 0
|
| 901 |
|
|
|a BIBL1-2000-2
|
| 909 |
|
|
|a Λ
|b 080872
|
| 909 |
|
|
|a Λ
|b 080873
|
| 922 |
|
|
|a 1ΕΛΗ
|b 200008
|c ΤΑΚ/ΤΠ
|d ΠΑΠΑΣΩΤΗΡΙΟΥ
|
| 950 |
|
|
|a 107-2000-07-26
|
| 970 |
|
|
|a ΜΟΥΣΤΑΚΑ
|b ΠΗΝΕΛΟΠΗ
|z 2000/08/31
|